Gaming Quiz

Random Gaming or Star Wars Quiz
Score 0/12 Timer 05:00
6 Plays Today
% Correct
Lego Star Wars
86%
Episode I: Racer
84.3%
Pinball: The Empire Strikes Back
82.4%
X-Wing Alliance
74.3%
Knights of the Old Republic
69.5%
Jedi Knight II: Jedi Outcast
68.4%
Republic Commando
61.2%
Battlefront II
59.7%
Rebel Assault
59%
Empire at War
58.8%
The Force Unleashed
52.8%
Galaxies
48.1%
Remove Ads.
Support Sporcle.
Get the best of Sporcle when you Go Orange. This ad-free experience offers more features, more stats, and more fun while also helping to support Sporcle. Thank you for becoming a member.

You're not logged in!

Compare scores with friends on all Sporcle quizzes.
OR
Log In

Show Comments

Extras

Top Quizzes Today


Score Distribution

Your Account Isn't Verified!

In order to create a playlist on Sporcle, you need to verify the email address you used during registration. Go to your Sporcle Settings to finish the process.

Report this User

Report this user for behavior that violates our Community Guidelines.

Details: